| 000 | 01217nam a22002777a 4500 | ||
|---|---|---|---|
| 001 | 1267 | ||
| 005 | 20250901161908.0 | ||
| 020 | _a9789996305443 | ||
| 040 |
_aFISKH _beng _cFISKH _dFISKH |
||
| 082 | _a591.59 | ||
| 100 | _aVisoth, Seng | ||
| 245 |
_aស្ដាប់សំឡេងសត្វ / _cសេង វិសុទ្ធ |
||
| 250 | _aបោះពុម្ពលើកទី ៦ វិច្ឆិកា ២០២១ | ||
| 260 |
_aPhnom Penh : _bSipar, _c2021. |
||
| 300 |
_a20 pages : _bcolor illustrations ; _c17 cm |
||
| 490 | _aតស់រៀន! | ||
| 505 | _aC | ||
| 520 | _aណែនាំឱ្យកុមារតូចបានស្គាល់អំពីសំឡេងសត្វដែលមានលក្ខណៈខុសៗគ្នាអមជាមួយរូបភាពពណ៍ផងដែរ។ | ||
| 520 | _aThe different sound of animals with painted pictures are introduced to young children. | ||
| 521 |
_a100
_bLexile estimate |
||
| 521 |
_aC
_bRaz-Plus |
||
| 650 |
_aសត្វ _vសំឡេង _xរូបភាព |
||
| 650 |
_aAnimals _vSound _xPictures |
||
| 700 |
_aVisoth, Seng _cillustrator |
||
| 942 |
_2ddc _cBK _n0 |
||
| 999 |
_c1267 _d1267 |
||